000 005340000a22001810004500
003 LK-CoMWRAF
005 20231125123004.0
008 230817t1980 ||||| |||| 00| 0 eng d
040 _aLK-CoMWRAF
_dLK-CoMWRAF
_eLK-CoMWRAF
041 _aeng
082 _a346.5493
_bGOO
100 _aGoonesekere, Savitri
245 _aThe legal status of the female in the Sri Lanka law on family relations
260 _aColombo:
_bGunasena,
_c1980
300 _a112 p. ; 23 cm.
650 _aWomen -- Legal status, laws, - Sri Lanka
942 _cBK
999 _c2140
_d2140